| 000 | 00642cab a2200217 4500 | ||
|---|---|---|---|
| 001 | WB3447-16 | ||
| 008 | 090401t1998 xxu||||| |||| 00| 0 eng d | ||
| 035 | _a(Sirsi) u90260 | ||
| 041 | _aeng | ||
| 245 | _aPrivate finance initiative | ||
| 260 | _c1998 | ||
| 350 | _a0 | ||
| 490 |
_aFinancial Times _v11 December 1998, (4) (LOAN) |
||
| 520 | _aA supplement featuring articles on various articles concerning the private finance initiative. | ||
| 650 | _aCAPITAL INVESTMENT | ||
| 650 | _aFORECASTS | ||
| 650 | _aPRIVATE FINANCE INITIATIVE | ||
| 690 | _aPROPERTY-PROPERTY FINANCE AND INVESTMENT | ||
| 942 | _n0 | ||
| 948 | _c11/12/1998 | ||
| 999 |
_c57201 _d57201 |
||